Làm giàu vốn từ của bạn theo cách hiệu quả nhất = Boost your vocabulary

Gespeichert in:
Bibliographische Detailangaben
1. Verfasser: Chris Barker
Format: Buch
Sprache:Undetermined
Veröffentlicht: Thành phố Hồ Chí Minh Nhà xuất bản thành phố Hồ Chí Minh 2002
Schlagworte:
Tags: Tag hinzufügen
Keine Tags, Fügen Sie den ersten Tag hinzu!
Thư viện lưu trữ: Trung tâm Học liệu Trường Đại học Cần Thơ
LEADER 00719nam a2200205Ia 4500
001 CTU_54781
008 210402s9999 xx 000 0 und d
020 |b 16000 
082 |a 428.24 
082 |b B255/T2 
100 |a Chris Barker 
245 0 |a Làm giàu vốn từ của bạn theo cách hiệu quả nhất 
245 0 |b = Boost your vocabulary 
245 0 |c Chris Barker ; Lê Huy Lâm giới thiệu và chú giải 
260 |a Thành phố Hồ Chí Minh 
260 |b Nhà xuất bản thành phố Hồ Chí Minh 
260 |c 2002 
650 |a english language 
650 |x glossaries, vocabularies, etc. 
980 |a Trung tâm Học liệu Trường Đại học Cần Thơ